Rogue elephant / (Record no. 432)
[ view plain ]
| 000 -LEADER | |
|---|---|
| fixed length control field | 00697cam a22002411 4500 |
| 001 - CONTROL NUMBER | |
| control field | 8446258 |
| 003 - CONTROL NUMBER IDENTIFIER | |
| control field | SISC |
| 005 - DATE AND TIME OF LATEST TRANSACTION | |
| control field | 20160302133306.0 |
| 008 - FIXED-LENGTH DATA ELEMENTS--GENERAL INFORMATION | |
| fixed length control field | 750416t19631962paua j 000 1 eng |
| 010 ## - LIBRARY OF CONGRESS CONTROL NUMBER | |
| LC control number | 63020497 |
| 035 ## - SYSTEM CONTROL NUMBER | |
| System control number | (OCoLC)1280839 |
| 040 ## - CATALOGING SOURCE | |
| Original cataloging agency | DLC |
| Transcribing agency | FO |
| Modifying agency | OCoLC |
| -- | DLC |
| 042 ## - AUTHENTICATION CODE | |
| Authentication code | premarc |
| 050 00 - LIBRARY OF CONGRESS CALL NUMBER | |
| Classification number | PZ 3 |
| Item number | .C458 1962 |
| 082 ## - DEWEY DECIMAL CLASSIFICATION NUMBER | |
| Classification number | HS 958 |
| Item number | C362 1962 |
| 100 1# - MAIN ENTRY--PERSONAL NAME | |
| Personal name | Catherall, Arthur, |
| Dates associated with a name | 1906- |
| 9 (RLIN) | 16971 |
| 245 10 - TITLE STATEMENT | |
| Title | Rogue elephant / |
| Statement of responsibility, etc | A.R. Channel; Illustrated by D. Watkins-Pitchford. |
| 260 ## - PUBLICATION, DISTRIBUTION, ETC. (IMPRINT) | |
| Place of publication, distribution, etc | Philadelphia, |
| Name of publisher, distributor, etc | Macrae Smith Co., |
| Date of publication, distribution, etc | [1963, c1962] |
| 300 ## - PHYSICAL DESCRIPTION | |
| Extent | 173 p. : |
| Other physical details | ill. |
| Dimensions | 22 cm. |
| 906 ## - LOCAL DATA ELEMENT F, LDF (RLIN) | |
| a | 7 |
| b | cbc |
| c | oclcrpl |
| d | u |
| e | ncip |
| f | 19 |
| g | y-gencatlg |
| 942 ## - ADDED ENTRY ELEMENTS (KOHA) | |
| Source of classification or shelving scheme | Library of Congress Classification |
| Koha item type | Books |
| Withdrawn status | Lost status | Source of classification or shelving scheme | Damaged status | Home library | Current library | Shelving location | Date acquired | Total Checkouts | Full call number | Barcode | Date last seen | Copy number | Price effective from | Koha item type |
|---|---|---|---|---|---|---|---|---|---|---|---|---|---|---|
| Library of Congress Classification | Luxembourg Library | Luxembourg Library | High School Section | 03/02/2012 | PZ 3 .C458 1962 | 4263 | 08/13/2013 | 1 | 10/03/2013 | Books |